| 000 | 01228nam a2200313 a 4500 | ||
|---|---|---|---|
| 001 | ebr10460076 | ||
| 003 | CaPaEBR | ||
| 006 | m u | ||
| 007 | cr cn||||||||| | ||
| 008 | 050902s2006 nyua sc 001 0 eng d | ||
| 010 | _z 2005025497 | ||
| 020 | _z1568985630 | ||
| 020 | _z9781568985633 | ||
| 040 |
_aCaPaEBR _cCaPaEBR |
||
| 035 | _a(OCoLC)182554556 | ||
| 050 | 1 | 4 |
_aTA403.6 _b.T73 2006eb |
| 082 | 0 | 4 |
_a620.1/1 _222 |
| 245 | 0 | 0 |
_aTransmaterial _h[electronic resource] : _ba catalog of materials that redefine our physical environment / _cedited by Blaine E. Brownell. |
| 260 |
_aNew York : _bPrinceton Architectural Press, _cc2006. |
||
| 300 |
_a237 p. : _bcol. ill. |
||
| 500 | _aIncludes index. | ||
| 533 |
_aElectronic reproduction. _bPalo Alto, Calif. : _cebrary, _d2013. _nAvailable via World Wide Web. _nAccess may be limited to ebrary affiliated libraries. |
||
| 650 | 0 |
_aMaterials _xTechnological innovations. |
|
| 650 | 0 |
_aMaterials _vCatalogs. |
|
| 655 | 7 |
_aElectronic books. _2local |
|
| 700 | 1 |
_aBrownell, Blaine Erickson, _d1970- |
|
| 710 | 2 | _aebrary, Inc. | |
| 856 | 4 | 0 |
_uhttp://site.ebrary.com/lib/rucke/Doc?id=10460076 _zAn electronic book accessible through the World Wide Web; click to view |
| 999 |
_c228944 _d228944 |
||